[Event "Rated Blitz tournament B084Is1f"]
[Site "?"]
[Date "2021.07.06"]
[Round "?"]
[White "Bufon33"]
[Black "SmoothAsAHedgehog"]
[Result "0-1"]
[WhiteElo "2265"]
[BlackElo "2662"]
[PlyCount "74"]
[EventDate "2021.??.??"]
[EventType "blitz"]

1. e4 e5 2. Nf3 d5 3. exd5 Bd6 4. d3 f5 5. c4 Nf6 6. Nc3 O-O 7. Bg5 h6 8. Bxf6
Qxf6 9. Qd2 a5 10. O-O-O Na6 11. h3 Nc5 12. Kb1 Bd7 13. d4 exd4 14. Qxd4 Qxd4
15. Nxd4 Rae8 16. Bd3 Be5 17. Ndb5 c6 18. Na3 f4 19. Bg6 Rd8 20. Kc2 Rf6 21.
Bd3 Nxd3 22. Rxd3 Bf5 23. f3 Bxc3 24. Kxc3 Bxd3 25. Kxd3 cxd5 26. cxd5 Rxd5+
27. Kc2 Rc6+ 28. Kb1 Rd2 29. Rg1 Kh7 30. g3 fxg3 31. Rxg3 Re6 32. Rg1 Rf2 33.
Nc2 Ree2 34. Rc1 Rh2 35. Nd4 Rxb2+ 36. Ka1 Rxa2+ 37. Kb1 Rhb2# {Normal} 0-1

[Event "Rated Blitz game"]
[Site "?"]
[Date "2021.07.06"]
[Round "?"]
[White "RangyAngularity"]
[Black "Polyclinical"]
[Result "1-0"]
[WhiteElo "2619"]
[BlackElo "2852"]
[PlyCount "73"]
[EventDate "2021.??.??"]
[EventType "blitz"]

1. e4 e5 2. Nf3 d5 3. Nxe5 Bd6 4. d4 dxe4 5. Bc4 Bxe5 6. Qh5 Qe7 7. Qxe5 Qxe5
8. dxe5 Nc6 9. O-O Nxe5 10. Bb3 Ne7 11. Nc3 Bf5 12. Re1 O-O-O 13. h3 N7c6 14.
Nxe4 Bxe4 15. Rxe4 Rd1+ 16. Kh2 Rf8 17. f4 Nd7 18. c3 Rd6 19. Be3 Nf6 20. Ra4
Re8 21. Re1 b5 22. Ra3 Nd5 23. Bc5 Rxe1 24. Bxd6 Ne3 25. Bf8 Nf1+ 26. Kg1 Nd2+
27. Kf2 Re8 28. Bd5 Ne4+ 29. Kf3 Nd2+ 30. Kg4 Nd8 31. Bc5 c6 32. Bf3 Nxf3 33.
gxf3 Re2 34. Rxa7 Rg2+ 35. Kh4 Ne6 36. Ra8+ Kd7 37. Ra7+ {Time forfeit} 1-0

[Event "Rated Blitz game"]
[Site "?"]
[Date "2021.07.06"]
[Round "?"]
[White "Darkside2021"]
[Black "Polyclinical"]
[Result "1-0"]
[WhiteElo "2672"]
[BlackElo "2845"]
[PlyCount "109"]
[EventDate "2021.??.??"]
[EventType "blitz"]

1. e4 e5 2. Nf3 d5 3. Nxe5 Bd6 4. d4 dxe4 5. Bc4 Bxe5 6. dxe5 Qxd1+ 7. Kxd1
Bg4+ 8. Be2 Bxe2+ 9. Kxe2 Nc6 10. Nc3 O-O-O 11. Rd1 Nd4+ 12. Kf1 Nxc2 13. Rxd8+
Kxd8 14. Bg5+ Kc8 15. Rd1 f6 16. exf6 Nxf6 17. Bxf6 gxf6 18. Nxe4 f5 19. Nf6
Nb4 20. a3 Nc6 21. Rd5 Ne7 22. Re5 Kd8 23. Nd5 Ng6 24. Rxf5 Kd7 25. Ne3 Ke6 26.
g4 Rd8 27. Ke2 Rd4 28. f3 Nf4+ 29. Ke1 Nd3+ 30. Ke2 Nf4+ 31. Ke1 Nd3+ 32. Kf1
Nxb2 33. h4 Rd3 34. Ke2 Rxa3 35. Rh5 Ra2 36. Rh6+ Ke5 37. Rxh7 Na4+ 38. Kd3
Nc5+ 39. Kc4 Ne6 40. Nd5 b5+ 41. Kb3 Kxd5 42. Kxa2 a5 43. h5 Ke5 44. h6 Kf6 45.
f4 Nxf4 46. Rxc7 Ng6 47. Rc6+ Kf7 48. g5 Nf8 49. Rc7+ Kg8 50. Rg7+ Kh8 51. g6
a4 52. Ka3 b4+ 53. Kxb4 a3 54. Kxa3 Ne6 55. Re7 {Time forfeit} 1-0

[Event "Rated Blitz game"]
[Site "?"]
[Date "2021.07.06"]
[Round "?"]
[White "JustoTriana"]
[Black "blastol"]
[Result "1-0"]
[WhiteElo "2449"]
[BlackElo "2466"]
[PlyCount "35"]
[EventDate "2021.??.??"]
[EventType "blitz"]

1. e4 e5 2. Nf3 d5 3. exd5 Bd6 4. Nc3 Nf6 5. d4 e4 6. Ne5 O-O 7. Bc4 Re8 8. O-O
Nbd7 9. f4 exf3 10. Qxf3 Bxe5 11. dxe5 Nxe5 12. Qf4 Qd6 13. Bb3 Bg4 14. h3 Bh5
15. Qf2 Qb4 16. Bf4 Ne4 17. Nxe4 Qxe4 18. Rae1 {Normal} 1-0

[Event "Rated Blitz game"]
[Site "?"]
[Date "2021.07.06"]
[Round "?"]
[White "pneumatico94"]
[Black "elrond"]
[Result "1/2-1/2"]
[WhiteElo "2418"]
[BlackElo "2383"]
[PlyCount "94"]
[EventDate "2021.??.??"]
[EventType "blitz"]

1. e4 e5 2. Nf3 d5 3. Nc3 dxe4 4. Nxe4 Nf6 5. Nxf6+ Qxf6 6. d4 exd4 7. Qxd4
Qxd4 8. Nxd4 Bc5 9. Nb3 Bb6 10. Bd3 O-O 11. O-O Nc6 12. c3 Be6 13. Bf4 Rad8 14.
Bc2 Rfe8 15. Rfe1 Bc4 16. Rad1 Rxe1+ 17. Rxe1 Kf8 18. h3 h6 19. Be3 Re8 20.
Bc5+ Bxc5 21. Rxe8+ Kxe8 22. Nxc5 b6 23. Ba4 b5 24. Bb3 Bxb3 25. Nxb3 Kd7 26.
Kf1 Kd6 27. Ke2 a5 28. f4 a4 29. Nd2 Ne7 30. Kd3 c5 31. Ne4+ Kd5 32. g4 f5 33.
Ng3 fxg4 34. hxg4 g6 35. b3 axb3 36. axb3 c4+ 37. bxc4+ bxc4+ 38. Ke3 Ng8 39.
Kf3 Nf6 40. Nf1 h5 41. gxh5 gxh5 42. Ne3+ Kc5 43. Kg3 Ne4+ 44. Kh4 Nxc3 45.
Kxh5 Nd5 46. Nxc4 Nxf4+ 47. Kg4 Kxc4 {Normal} 1/2-1/2

[Event "Rated Blitz game"]
[Site "?"]
[Date "2021.07.06"]
[Round "?"]
[White "jshutzman"]
[Black "annaly1979"]
[Result "1-0"]
[WhiteElo "2508"]
[BlackElo "2424"]
[PlyCount "103"]
[EventDate "2021.??.??"]
[EventType "blitz"]

1. e4 e5 2. Nf3 d5 3. exd5 e4 4. Qe2 f5 5. d3 Nf6 6. Nbd2 Be7 7. dxe4 fxe4 8.
Nxe4 Nxe4 9. Qxe4 O-O 10. Bd2 Bf5 11. Qc4 Bd6 12. O-O-O a6 13. Bd3 b5 14. Qd4
Nd7 15. Bxf5 Rxf5 16. Rhe1 Nf6 17. Qd3 Rxd5 18. Qb3 c6 19. Bc3 Be7 20. Bxf6
Bxf6 21. Rxd5 cxd5 22. Rd1 Kh8 23. Qxd5 Qe8 24. Ng5 h6 25. Ne6 Rc8 26. Qd7 Qg8
27. f4 b4 28. g4 Re8 29. f5 a5 30. Kb1 Ra8 31. h4 Bxh4 32. g5 hxg5 33. Rh1 Qh7
34. Nxg5 Qh5 35. Qc6 Rd8 36. Nf3 Kg8 37. Qe6+ Kf8 38. f6 Bxf6 39. Rf1 Qxf3 40.
Rc1 Qb7 41. Qb3 Qd7 42. a4 bxa3 43. Qxa3+ Kg8 44. Qf3 Rb8 45. Qa3 Qb5 46. Qa2+
Kf8 47. Qb3 Qxb3 48. cxb3 Rxb3 49. Rc8+ Kf7 50. Kc2 Rxb2+ 51. Kd3 a4 52. Rc7+ {
Time forfeit} 1-0

[Event "Rated Blitz game"]
[Site "?"]
[Date "2021.07.06"]
[Round "?"]
[White "Redteason"]
[Black "King_bg03"]
[Result "0-1"]
[WhiteElo "2440"]
[BlackElo "2589"]
[PlyCount "82"]
[EventDate "2021.??.??"]
[EventType "blitz"]

1. e4 e5 2. Nf3 d5 3. exd5 e4 4. Qe2 Nf6 5. d3 Qxd5 6. Nc3 Bb4 7. Bd2 Bxc3 8.
Bxc3 O-O 9. dxe4 Nxe4 10. Rd1 Qc6 11. Ne5 Nxc3 12. Nxc6 Nxe2 13. Ne7+ Kh8 14.
Bxe2 c6 15. Nxc8 Rxc8 16. f3 Re8 17. Kf2 Kg8 18. Rd4 c5 19. Rd5 Nc6 20. Bb5
Rac8 21. Rxc5 Nd4 22. Rxc8 Rxc8 23. Bd3 Ne6 24. c3 Nc5 25. Bc2 g6 26. Rd1 Kg7
27. Ke3 Re8+ 28. Kf2 Rc8 29. Ke3 Rc7 30. Kd2 Re7 31. Re1 Rd7+ 32. Kc1 f5 33. b4
Na6 34. Bb3 Nc7 35. Kc2 Kf6 36. a4 b6 37. Ra1 a5 38. Re1 axb4 39. cxb4 Na6 40.
Kc3 Kg5 41. Bc4 b5 {Time forfeit} 0-1

[Event "Rated Rapid game"]
[Site "?"]
[Date "2021.07.06"]
[Round "?"]
[White "sa3d_Jab"]
[Black "shach"]
[Result "1-0"]
[WhiteElo "2409"]
[BlackElo "2255"]
[PlyCount "101"]
[EventDate "2021.??.??"]
[EventType "rapid"]

1. e4 e5 2. Nf3 d5 3. Nxe5 Bd6 4. d4 dxe4 5. Bc4 Bxe5 6. Qh5 Qe7 7. Qxe5 Qxe5
8. dxe5 Nc6 9. Nc3 Bf5 10. Bf4 Nge7 11. O-O-O Ng6 12. Bg3 O-O 13. Rhe1 Ngxe5
14. Bd5 Rfe8 15. Nxe4 Bg4 16. f3 Be6 17. Bxc6 Nxc6 18. Bxc7 Re7 19. Bd6 Rd7 20.
Nc5 Rdd8 21. Nxe6 fxe6 22. Rxe6 Rd7 23. Bf4 Rad8 24. Rxd7 Rxd7 25. Rd6 Re7 26.
Kd2 a6 27. Bg5 Rc7 28. Bd8 Rc8 29. Bb6 Rb8 30. f4 Kf8 31. Rd7 h6 32. a3 Kg8 33.
c4 Kh7 34. b4 Rf8 35. b5 axb5 36. cxb5 Nb8 37. Rxb7 Kg6 38. Ba7 Rd8+ 39. Kc3
Nd7 40. Kb4 Nf6 41. Bb6 Rd2 42. Ka5 Rxg2 43. Bd8 Nd5 44. Rd7 Nxf4 45. b6 Ra2
46. a4 Rb2 47. b7 Ne6 48. Bb6 Rxh2 49. b8=Q Rh5+ 50. Ka6 Ng5 51. Qe8+ {Normal}
1-0

[Event "Rated Blitz game"]
[Site "?"]
[Date "2021.07.06"]
[Round "?"]
[White "dbestsmiles"]
[Black "Fantastic_power06"]
[Result "0-1"]
[WhiteElo "2562"]
[BlackElo "2660"]
[PlyCount "46"]
[EventDate "2021.??.??"]
[EventType "blitz"]

1. e4 e5 2. Nf3 d5 3. Nxe5 Bd6 4. d4 dxe4 5. Bc4 Bxe5 6. Qh5 Qe7 7. Qxe5 Qxe5
8. dxe5 Nc6 9. Nc3 Bf5 10. Bf4 Rd8 11. O-O Nge7 12. Rfe1 O-O 13. Nxe4 Ng6 14.
Bg5 Rd4 15. Ng3 Rxc4 16. Nxf5 Ngxe5 17. Ne7+ Kh8 18. c3 Rg4 19. Nxc6 Nf3+ 20.
Kf1 Nxe1 21. Be7 Re8 22. Ne5 Re4 23. Nxf7+ Kg8 {Normal} 0-1

[Event "Rated Blitz tournament UJKa5DVQ"]
[Site "?"]
[Date "2021.07.06"]
[Round "?"]
[White "TedIanMontoyo"]
[Black "cuerosky"]
[Result "1-0"]
[WhiteElo "2502"]
[BlackElo "2235"]
[PlyCount "73"]
[EventDate "2021.??.??"]
[EventType "blitz"]

1. e4 e5 2. Nf3 d5 3. d4 dxe4 4. Nxe5 Bd6 5. Nc4 Nf6 6. Bg5 Bf5 7. Ne3 Bg6 8.
Nc3 Be7 9. Qd2 O-O 10. O-O-O c6 11. Kb1 b5 12. Be2 a5 13. h4 h5 14. g4 Nxg4 15.
Nxg4 hxg4 16. Bxe7 Qxe7 17. Bxg4 e3 18. fxe3 b4 19. Na4 Be4 20. Rh2 Nd7 21. h5
Nf6 22. Be2 Qd6 23. Bd3 Bxd3 24. cxd3 Rfe8 25. h6 g6 26. h7+ Kh8 27. Rf1 Re6
28. Nc5 Rae8 29. Nxe6 Rxe6 30. Rhf2 Kxh7 31. Rf3 Kg7 32. Qf2 a4 33. e4 b3 34.
a3 Qe7 35. e5 Ng4 36. Rxf7+ Kg8 37. Rxe7 {Normal} 1-0

[Event "Rated Blitz tournament YdQwsmcI"]
[Site "?"]
[Date "2021.07.06"]
[Round "?"]
[White "PIONBCM"]
[Black "om_gendut"]
[Result "1/2-1/2"]
[WhiteElo "2404"]
[BlackElo "2431"]
[PlyCount "34"]
[EventDate "2021.??.??"]
[EventType "blitz"]

1. e4 e5 2. Nf3 d5 3. Nxe5 Bd6 4. d4 dxe4 5. Nc4 Be7 6. Nc3 Nf6 7. Bg5 Bf5 8.
d5 O-O 9. h3 Nbd7 10. Qd4 Bc5 11. Qd2 Qe7 12. O-O-O a6 13. g4 Bg6 14. Bg2 h6
15. Bh4 b5 16. Ne3 Rab8 17. Kb1 Ne5 {Normal} 1/2-1/2

[Event "Rated Blitz game"]
[Site "?"]
[Date "2021.07.06"]
[Round "?"]
[White "imsk"]
[Black "annaly1979"]
[Result "1-0"]
[WhiteElo "2564"]
[BlackElo "2411"]
[PlyCount "107"]
[EventDate "2021.??.??"]
[EventType "blitz"]

1. e4 e5 2. Nf3 d5 3. exd5 e4 4. Ne5 Bd6 5. d4 Nf6 6. Nc3 h6 7. Bb5+ Nbd7 8.
O-O O-O 9. Nxd7 Bxd7 10. Bxd7 Qxd7 11. Re1 Rfe8 12. h3 a6 13. Be3 Qf5 14. Qd2
b5 15. a3 b4 16. axb4 Bxb4 17. Qe2 Bxc3 18. bxc3 Nxd5 19. Rxa6 Rxa6 20. Qxa6
Nxe3 21. Rxe3 Rb8 22. g3 Rb2 23. Qa8+ Kh7 24. Qxe4 Qxe4 25. Rxe4 Rxc2 26. Re3
Kg6 27. Kg2 Kf5 28. Kf3 h5 29. Re5+ Kf6 30. Rc5 g5 31. Rxc7 Ke6 32. Rc5 f5 33.
Ke3 Rc1 34. Rc6+ Kd5 35. Rc5+ Ke6 36. h4 gxh4 37. gxh4 Rh1 38. c4 Rxh4 39. Rc6+
Kd7 40. Rh6 Re4+ 41. Kd3 h4 42. c5 Rf4 43. d5 Rf3+ 44. Kd4 h3 45. Rh7+ Ke8 46.
c6 Rxf2 47. Rxh3 f4 48. d6 Rd2+ 49. Ke5 Rc2 50. Rh8+ Kf7 51. c7 f3 52. c8=Q
Rxc8 53. Rxc8 f2 54. Rc1 {Normal} 1-0

[Event "Rated Blitz tournament U6eCsITs"]
[Site "?"]
[Date "2021.07.06"]
[Round "?"]
[White "CARAPULCRA"]
[Black "CaroyinixDiscomix"]
[Result "1/2-1/2"]
[WhiteElo "2290"]
[BlackElo "2422"]
[PlyCount "58"]
[EventDate "2021.??.??"]
[EventType "blitz"]

1. e4 e5 2. Nf3 d5 3. Nxe5 Bd6 4. d4 dxe4 5. Nc4 Nf6 6. Nxd6+ Qxd6 7. c3 h6 8.
Be2 Bf5 9. Be3 O-O 10. Nd2 Re8 11. O-O Nc6 12. Rc1 Nd5 13. Nc4 Qg6 14. Kh1 Rad8
15. b4 Nf6 16. b5 Ne7 17. Qe1 Ned5 18. Ne5 Rxe5 19. dxe5 Ng4 20. Bxg4 Bxg4 21.
c4 Ne7 22. h3 Qh5 23. Kg1 Bf3 24. gxf3 exf3 25. Kh2 Qxe5+ 26. Kh1 Qf5 27. Kh2
Qe5+ 28. Kh1 Qf5 29. Kh2 Qe5+ {Normal} 1/2-1/2

[Event "Rated Blitz game"]
[Site "?"]
[Date "2021.07.06"]
[Round "?"]
[White "bachess76"]
[Black "annaly1979"]
[Result "1-0"]
[WhiteElo "2411"]
[BlackElo "2408"]
[PlyCount "143"]
[EventDate "2021.??.??"]
[EventType "blitz"]

1. e4 e5 2. Nf3 d5 3. Nxe5 Qe7 4. d4 f6 5. Nf3 dxe4 6. Nfd2 f5 7. Bc4 Nf6 8.
O-O Be6 9. Bxe6 Qxe6 10. Re1 Bd6 11. f3 O-O 12. Nc3 e3 13. Nf1 f4 14. b3 Nc6
15. d5 e2 16. Rxe2 Bc5+ 17. Kh1 Qf5 18. dxc6 Rad8 19. Qe1 bxc6 20. Ne4 Bb6 21.
Ba3 c5 22. Bb2 Nd5 23. Rd1 Nb4 24. Rxd8 Rxd8 25. Qc3 Qg6 26. a3 Nd5 27. Qc4 c6
28. Nxc5 h5 29. Ne6 Rd6 30. Nxf4 Qf7 31. Nxd5 cxd5 32. Qc8+ Rd8 33. Qe6 Qxe6
34. Rxe6 Rc8 35. Re2 d4 36. g3 Kf7 37. Kg2 g5 38. Bc1 Kf6 39. Rd2 Kf5 40. h3 g4
41. hxg4+ hxg4 42. fxg4+ Kxg4 43. Nh2+ Kf5 44. Nf3 Ke4 45. Re2+ Kf5 46. Bf4 Kg4
47. Ne1 Kf5 48. Re5+ Kf6 49. Kf3 Rc3+ 50. Kg4 d3 51. Nxd3 Rxc2 52. Nb4 Rb2 53.
Nd5+ Kf7 54. Nxb6 axb6 55. Rb5 Ke6 56. Rxb6+ Kd5 57. Rb5+ Kc6 58. Rb4 Kc5 59.
Be3+ Kd5 60. Kf5 Ra2 61. a4 Re2 62. Bf4 Kc5 63. Rb5+ Kd4 64. g4 Re8 65. g5 Rf8+
66. Kg4 Ke4 67. Re5+ Kd4 68. Re7 Rb8 69. g6 Rxb3 70. g7 Rb1 71. g8=Q Rg1+ 72.
Bg3 {Normal} 1-0

[Event "Rated Blitz game"]
[Site "?"]
[Date "2021.07.06"]
[Round "?"]
[White "Illustrado"]
[Black "CreepyMovez"]
[Result "1-0"]
[WhiteElo "2413"]
[BlackElo "2367"]
[PlyCount "55"]
[EventDate "2021.??.??"]
[EventType "blitz"]

1. e4 e5 2. Nf3 d5 3. d4 Nf6 4. Nxe5 Bd6 5. exd5 O-O 6. Bd3 Re8 7. O-O c5 8.
dxc6 Nxc6 9. Nxc6 bxc6 10. h3 h6 11. Nd2 c5 12. dxc5 Bxc5 13. Nb3 Bb6 14. Qf3
Be6 15. Bf4 Bd5 16. Qg3 Nh5 17. Qg4 Nxf4 18. Qxf4 Rc8 19. Rad1 Qe7 20. Qf5 Qe6
21. Qh7+ Kf8 22. Bf5 Qe5 23. Bxc8 Be4 24. Qh8+ Ke7 25. Rd7+ Kf6 26. Rd6+ Kg5
27. Rxb6 axb6 28. f4+ {Time forfeit} 1-0

[Event "Rated Blitz game"]
[Site "?"]
[Date "2021.07.06"]
[Round "?"]
[White "moonearz"]
[Black "Pashkomarku"]
[Result "1-0"]
[WhiteElo "2405"]
[BlackElo "2242"]
[PlyCount "125"]
[EventDate "2021.??.??"]
[EventType "blitz"]

1. e4 e5 2. Nf3 d5 3. exd5 Qxd5 4. Nc3 Qe6 5. b3 Nc6 6. Bc4 Qg6 7. Qe2 Bd6 8.
d4 Bg4 9. dxe5 Nd4 10. Qe4 Nxc2+ 11. Kd2 Qxe4 12. Nxe4 Bxf3 13. Nxd6+ cxd6 14.
Kxc2 Bxg2 15. Rg1 Be4+ 16. Kb2 dxe5 17. Rxg7 Bg6 18. Bd5 Rb8 19. Be3 b6 20. Rc1
Kf8 21. Rxg8+ Rxg8 22. Rc7 a5 23. h4 Kg7 24. Rc6 b5 25. f4 Rgd8 26. Rc5 e4 27.
Bd4+ Kf8 28. Be5 Rbc8 29. Rxb5 e3 30. Bf3 e2 31. Bxe2 Rd2+ 32. Ka3 Rxe2 33.
Rxa5 Bb1 34. Kb4 Re4+ 35. Ka3 Rc2 36. Bb2 Ree2 37. Be5 Rxa2+ 38. Kb4 Re4+ 39.
Kb5 Bd3+ 40. Kb6 Rb4+ 41. Kc5 Rxa5+ 42. Kxb4 Rb5+ 43. Kc3 Bf1 44. b4 Ke7 45. h5
Ke6 46. h6 Kd5 47. Bg7 Rb7 48. Bf6 Rc7+ 49. Kb3 Bc4+ 50. Kb2 Bb5 51. Kb3 Rc4
52. Be5 Rc1 53. Ka3 Kc4 54. Kb2 Rf1 55. Kc2 Rh1 56. Bg7 Rh2+ 57. Kd1 Kd3 58.
Ke1 Ke3 59. Kd1 Ba4+ 60. Kc1 Kd3 61. Kb1 Bb3 62. Be5 Kc4 63. f5 {Time forfeit}
1-0

[Event "Rated Blitz game"]
[Site "?"]
[Date "2021.07.06"]
[Round "?"]
[White "Andep123"]
[Black "Raiven77"]
[Result "1-0"]
[WhiteElo "2411"]
[BlackElo "2265"]
[PlyCount "67"]
[EventDate "2021.??.??"]
[EventType "blitz"]

1. e4 e5 2. Nf3 d5 3. exd5 Nf6 4. d4 exd4 5. Qxd4 Qxd5 6. Bc4 Qxd4 7. Nxd4 Bc5
8. Nb5 Bb6 9. Be3 Na6 10. Bxb6 axb6 11. N1c3 O-O 12. O-O-O Bf5 13. Rhe1 Rfe8
14. f3 Rad8 15. g4 Rxd1+ 16. Rxd1 Bc8 17. a3 Kf8 18. g5 Nh5 19. Ne4 Nf4 20. b4
Ke7 21. h4 Bf5 22. Nd4 Bc8 23. Bb5 Rd8 24. c3 f6 25. Re1 Kf8 26. Bc4 c6 27. Kc2
b5 28. Bb3 fxg5 29. hxg5 Nc7 30. Nc5 Re8 31. Rxe8+ Nxe8 32. Kd2 Nd6 33. Ke3 Ke7
34. Kxf4 {Normal} 1-0

[Event "Rated Blitz game"]
[Site "?"]
[Date "2021.07.06"]
[Round "?"]
[White "RobinHood75"]
[Black "Raiven77"]
[Result "1-0"]
[WhiteElo "2431"]
[BlackElo "2254"]
[PlyCount "35"]
[EventDate "2021.??.??"]
[EventType "blitz"]

1. e4 e5 2. Nf3 d5 3. exd5 Nf6 4. Nxe5 Qxd5 5. d4 Nc6 6. Bc4 Qxg2 7. Qf3 Qxf3
8. Nxf3 Bg4 9. Ne5 Nxd4 10. Bxf7+ Ke7 11. Bb3 Nxb3 12. axb3 Be6 13. Nc3 Kd6 14.
Bf4 Ke7 15. O-O-O g6 16. Rhe1 Bg7 17. Nf3 h6 18. Nd4 {Normal} 1-0

[Event "Rated Blitz game"]
[Site "?"]
[Date "2021.07.06"]
[Round "?"]
[White "harence342"]
[Black "elrond"]
[Result "0-1"]
[WhiteElo "2366"]
[BlackElo "2413"]
[PlyCount "122"]
[EventDate "2021.??.??"]
[EventType "blitz"]

1. e4 e5 2. Nf3 d5 3. Nxe5 dxe4 4. d4 Be6 5. c4 Nf6 6. d5 Bf5 7. Bg5 Be7 8. Nc3
O-O 9. Bxf6 Bxf6 10. Ng4 Bxg4 11. Qxg4 Bxc3+ 12. bxc3 Nd7 13. Be2 f5 14. Qf4
Qf6 15. O-O Ne5 16. Rab1 b6 17. Rfd1 Rad8 18. f3 Qd6 19. fxe4 fxe4 20. Qxe4
Rde8 21. Qd4 Ng6 22. Bf3 Rf4 23. Qd3 Qc5+ 24. Kh1 Re3 25. Qd2 Rxc4 26. Rb5 Qxb5
27. Qxe3 Rf4 28. h3 Rf8 29. Qd4 Qb2 30. a4 Qc2 31. c4 Qf5 32. c5 bxc5 33. Qxc5
Ne5 34. d6 cxd6 35. Rxd6 Nxf3 36. Qxf5 Rxf5 37. Rd8+ Kf7 38. gxf3 Rxf3 39. Rd7+
Kg6 40. Rxa7 Rxh3+ 41. Kg2 Ra3 42. Kf2 h5 43. a5 Kh6 44. Ra6+ g6 45. Kg2 h4 46.
Kh2 Kh5 47. Ra8 g5 48. Rh8+ Kg4 49. Ra8 Ra2+ 50. Kg1 h3 51. a6 Kg3 52. Kf1 Ra1+
53. Ke2 g4 54. a7 Kg2 55. Rg8 Ra2+ 56. Ke3 Ra3+ 57. Ke2 Rxa7 58. Rxg4+ Kh1 59.
Rg5 h2 60. Kf2 Rf7+ 61. Kg3 Rg7 {Time forfeit} 0-1

[Event "Rated Blitz tournament Ql9shd6U"]
[Site "?"]
[Date "2021.07.06"]
[Round "?"]
[White "alexbrian2018"]
[Black "beastchess1"]
[Result "1-0"]
[WhiteElo "2404"]
[BlackElo "2249"]
[PlyCount "131"]
[EventDate "2021.??.??"]
[EventType "blitz"]

1. e4 e5 2. Nf3 d5 3. exd5 e4 4. Qe2 Be7 5. Qxe4 Nf6 6. Qe2 Nxd5 7. Nc3 Nf4 8.
Qd1 O-O 9. d3 Bb4 10. Bxf4 Qf6 11. Bd2 Re8+ 12. Be2 Qe7 13. Ne4 Bxd2+ 14. Nexd2
Nc6 15. c3 f5 16. d4 f4 17. Kf1 Bf5 18. Nc4 Rad8 19. Nce5 Kh8 20. b4 Qf6 21.
Qb3 Be6 22. Qc2 Ne7 23. Re1 Nf5 24. Bd3 b6 25. h4 c5 26. dxc5 bxc5 27. bxc5 h6
28. Nc6 Rc8 29. Ncd4 Rxc5 30. Nxe6 Rxe6 31. Rxe6 Qxe6 32. Bxf5 Rxf5 33. Nd4
Qa6+ 34. Qe2 Qxe2+ 35. Kxe2 Ra5 36. Ra1 Ra3 37. Kd3 Ra4 38. h5 Ra5 39. Rb1 Rxh5
40. Rb7 Ra5 41. Ke4 Rxa2 42. Kf3 a5 43. Nf5 g5 44. Nxh6 a4 45. Nf7+ Kg8 46.
Nxg5 a3 47. Ra7 Ra1 48. Ne6 a2 49. Nxf4 Rc1 50. Rxa2 Rxc3+ 51. Kg4 Rc4 52. f3
Rc7 53. g3 Rg7+ 54. Kh3 Rc7 55. Kg4 Rh7 56. Nh5 Rg7+ 57. Nxg7 Kxg7 58. Ra6 Kf7
59. Kf5 Ke7 60. g4 Kd7 61. g5 Kc7 62. g6 Kb7 63. Rf6 Kc7 64. g7 Kd7 65. g8=Q
Kc7 66. Qg7+ {Time forfeit} 1-0

[Event "Rated Blitz game"]
[Site "?"]
[Date "2021.07.06"]
[Round "?"]
[White "MCubillo17"]
[Black "EEberhart"]
[Result "1-0"]
[WhiteElo "2412"]
[BlackElo "2255"]
[PlyCount "119"]
[EventDate "2021.??.??"]
[EventType "blitz"]

1. e4 e5 2. Nf3 d5 3. exd5 e4 4. Nd4 Qxd5 5. Ne2 Nf6 6. Nbc3 Qd8 7. Ng3 Bb4 8.
Ncxe4 O-O 9. Be2 Re8 10. Nxf6+ Qxf6 11. O-O Nc6 12. c3 Bd6 13. d4 Bxg3 14. fxg3
Qe6 15. Bd3 Qd5 16. Bf4 Be6 17. Bxc7 Rac8 18. Bf4 Rcd8 19. Qc2 h6 20. Kh1 Bg4
21. Rae1 Qxa2 22. Bh7+ Kf8 23. Rxe8+ Kxe8 24. Bc7 Rd7 25. Re1+ Re7 26. Rxe7+
Kxe7 27. Qe4+ Qe6 28. d5 Qxe4 29. Bxe4 Nd8 30. Kg1 b6 31. Kf2 Nb7 32. Bb8 a6
33. Ba7 b5 34. Ke3 g5 35. Kd4 Kd6 36. Bb8+ Kd7 37. Ke5 Nc5 38. Bc2 Bh5 39. Kf6
a5 40. h3 b4 41. g4 bxc3 42. bxc3 Bg6 43. Bxg6 fxg6 44. Kxg6 Ne4 45. c4 a4 46.
Kxh6 Nd6 47. c5 a3 48. Bxd6 a2 49. Be5 a1=Q 50. Bxa1 Kc7 51. Be5+ Kd8 52. Kxg5
Kc8 53. Kf6 Kd8 54. Ke6 Kc8 55. Bf6 Kc7 56. d6+ Kc8 57. d7+ Kc7 58. d8=Q+ Kc6
59. Qd6+ Kb5 60. c6 {Time forfeit} 1-0

[Event "Rated Blitz game"]
[Site "?"]
[Date "2021.07.06"]
[Round "?"]
[White "Jjvito25"]
[Black "CreepyMovez"]
[Result "1-0"]
[WhiteElo "2431"]
[BlackElo "2347"]
[PlyCount "77"]
[EventDate "2021.??.??"]
[EventType "blitz"]

1. e4 e5 2. Nf3 d5 3. d4 Nf6 4. exd5 e4 5. Ne5 Bd6 6. Nc3 O-O 7. Bg5 Re8 8.
Nxe4 Bxe5 9. dxe5 Rxe5 10. Bd3 Nxe4 11. Bxd8 Nc3+ 12. Kd2 Nxd1 13. Raxd1 Rxd5
14. Bxc7 Nc6 15. Rhe1 Be6 16. Kc1 Rc8 17. Be4 Rc5 18. Bd6 Rc4 19. b3 Rd4 20.
Bc5 Rxd1+ 21. Rxd1 a6 22. Bxc6 bxc6 23. f3 h6 24. c4 a5 25. Rd6 Kh7 26. Kc2 Kg6
27. Kc3 Kf5 28. g3 g5 29. Bb6 Ke5 30. Rd8 Rxd8 31. Bxd8 a4 32. bxa4 Bc8 33. Be7
Ke6 34. Bf8 h5 35. Kd4 f5 36. Kc5 Bd7 37. f4 gxf4 38. gxf4 h4 39. h3 {Time
forfeit} 1-0

[Event "Rated Blitz game"]
[Site "?"]
[Date "2021.07.06"]
[Round "?"]
[White "Oleggelo17"]
[Black "kamilgrosicky"]
[Result "0-1"]
[WhiteElo "2439"]
[BlackElo "2346"]
[PlyCount "64"]
[EventDate "2021.??.??"]
[EventType "blitz"]

1. e4 e5 2. Nf3 d5 3. Nxe5 Bd6 4. d4 dxe4 5. Be2 Bxe5 6. dxe5 Qxd1+ 7. Bxd1 Nc6
8. Bf4 Nge7 9. Nc3 Ng6 10. Bg3 Bf5 11. O-O O-O-O 12. Re1 Ngxe5 13. Nxe4 Rhe8
14. Nc5 Nc4 15. Rxe8 Rxe8 16. f3 Nxb2 17. c3 Rd8 18. Bb3 Nd3 19. Nxd3 Rxd3 20.
Rc1 f6 21. h4 Kd7 22. c4 Nd4 23. Ba4+ c6 24. Re1 Ra3 25. Bd1 Rxa2 26. Bf2 c5
27. g4 Be6 28. Kg2 Bxc4 29. Kg3 b5 30. h5 b4 31. Be3 b3 32. Bf4 b2 {Time
forfeit} 0-1

[Event "Rated Blitz game"]
[Site "?"]
[Date "2021.07.05"]
[Round "?"]
[White "Inogamov_Nurbek"]
[Black "Fantastic_power06"]
[Result "0-1"]
[WhiteElo "2490"]
[BlackElo "2612"]
[PlyCount "54"]
[EventDate "2021.??.??"]
[EventType "blitz"]

1. e4 e5 2. Nf3 d5 3. Nxe5 Bd6 4. d4 dxe4 5. f4 exf3 6. Nxf3 Bg4 7. Be2 Nf6 8.
O-O Nc6 9. h3 Bh5 10. Bg5 h6 11. Bh4 g5 12. Bf2 Qd7 13. Nxg5 hxg5 14. d5 Ne7
15. Bd4 Bxe2 16. Qxe2 O-O-O 17. Bxf6 Rhe8 18. Qf2 b6 19. c4 g4 20. Bxe7 Rxe7
21. Qf5 Bc5+ 22. Kh2 Qxf5 23. Rxf5 Re1 24. Kg3 gxh3 25. gxh3 Rg8+ 26. Kh4 Re4+
27. Kh5 Be7 {Normal} 0-1

[Event "Rated Blitz game"]
[Site "?"]
[Date "2021.07.05"]
[Round "?"]
[White "Inogamov_Nurbek"]
[Black "Fantastic_power06"]
[Result "0-1"]
[WhiteElo "2482"]
[BlackElo "2618"]
[PlyCount "42"]
[EventDate "2021.??.??"]
[EventType "blitz"]

1. e4 e5 2. Nf3 d5 3. Nxe5 Bd6 4. f4 Bxe5 5. fxe5 Qh4+ 6. g3 Qxe4+ 7. Kf2 Qd4+
8. Kg2 Qe4+ 9. Kf2 Nc6 10. Nc3 Qxh1 11. Qh5 Nh6 12. h3 Bxh3 13. Bxh3 Qh2+ 14.
Ke3 d4+ 15. Kd3 Qxg3+ 16. Kc4 dxc3 17. dxc3 Qxe5 18. Bg5 b5+ 19. Kb3 Qd5+ 20.
Ka3 Qc5+ 21. b4 Qxc3# {Normal} 0-1

[Event "Rated Blitz game"]
[Site "?"]
[Date "2021.07.05"]
[Round "?"]
[White "miniond"]
[Black "vovaches"]
[Result "0-1"]
[WhiteElo "2264"]
[BlackElo "2557"]
[PlyCount "42"]
[EventDate "2021.??.??"]
[EventType "blitz"]

1. e4 e5 2. Nf3 d5 3. exd5 e4 4. Nd4 Qxd5 5. Nb3 Nf6 6. Nc3 Qe5 7. Be2 Bd6 8.
d4 exd3 9. Qxd3 O-O 10. Be3 Bf5 11. Qd2 Nc6 12. O-O-O Rad8 13. Kb1 Bb4 14. Qe1
Ne4 15. Bd2 Nxd2+ 16. Rxd2 Bxc3 17. bxc3 Qxc3 18. Bf3 Nb4 19. Bd1 Rfe8 20. Rd4
Bxc2+ 21. Kc1 Nxa2# {Normal} 0-1

[Event "Rated Blitz game"]
[Site "?"]
[Date "2021.07.05"]
[Round "?"]
[White "Inogamov_Nurbek"]
[Black "Fantastic_power06"]
[Result "0-1"]
[WhiteElo "2487"]
[BlackElo "2614"]
[PlyCount "52"]
[EventDate "2021.??.??"]
[EventType "blitz"]

1. e4 e5 2. Nf3 d5 3. Nxe5 Bd6 4. d4 dxe4 5. f4 exf3 6. Nxf3 Nc6 7. Bd3 Bg4 8.
O-O Qd7 9. c3 O-O-O 10. Nbd2 Kb8 11. Ne4 Nf6 12. Nxd6 Qxd6 13. h3 h5 14. b4 Nd5
15. Qb3 Bxh3 16. gxh3 Qg3+ 17. Kh1 Qxh3+ 18. Nh2 Qxd3 19. Rxf7 Nxc3 20. Bf4
Qe4+ 21. Kg1 Ne2+ 22. Kf2 Nxf4 23. Qg3 Rhf8 24. Re1 Nd3+ 25. Kg1 Qxd4+ 26. Kh1
Rxf7 {Normal} 0-1